| 000 | 01560nam a2200421Ii 4500 | ||
|---|---|---|---|
| 001 | DIGDYK1054 | ||
| 003 | NyNyDIG | ||
| 008 | 190225s2016 sp o 000 0 spa d | ||
| 006 | m o d | ||
| 007 | cr ||||||||||| | ||
| 035 | _a(OCoLC)964291043 | ||
| 040 |
_aDGITA _beng _erda _epn _cDGITA |
||
| 020 |
_a9788490858240 _q(eBook ; _qpdf) |
||
| 020 |
_a8490858241 _q(eBook ; _qpdf) |
||
| 020 | _z9788490857991 | ||
| 020 | _z8490857997 | ||
| 050 | 1 | 4 | _aQH332 ebook |
| 082 | 0 | 4 | _a174.957 |
| 100 | 1 |
_aTorre Díaz, Francisco Javier de la, _eauthor. |
|
| 245 | 1 | 0 |
_aBioética : _bvulnerabilidad y responsabilidad en el comienzo de la vida / _cFrancisco Javier de la Torre Díaz. |
| 264 | 1 |
_aMadrid : _bDykinson, S.L., _c[2016] |
|
| 300 | _a1 online resource. | ||
| 336 |
_atext _btxt _2rdacontent |
||
| 337 |
_acomputer _bc _2rdamedia |
||
| 338 |
_aonline resource _bcr _2rdacarrier |
||
| 490 | 1 | _aBioética para pensar | |
| 588 | 0 | _aOnline resource; title from PDF title page (Digitalia, viewed February 27, 2019) | |
| 650 | 0 | _aBioethics. | |
| 650 | 0 | _aHuman reproductive technology. | |
| 655 | 0 | _aElectronic books. | |
| 791 | 2 |
_aDigitalia (Firm), _edistributor. |
|
| 793 | 0 |
_gDigitalia eBook Collection: _aDykinson Editorial |
|
| 776 | 0 | 8 |
_iPrint version: _aTorre Díaz, Francisco Javier de la. _tBioética. _dMadrid : Dykinson, 2016 _z9788490857991 _w(OCoLC)951392457 |
| 830 | 0 | _aBioética para pensar. | |
| 856 | 4 | 0 |
_3Digitalia Hispánica _uhttps://www.digitaliapublishing.com/a/45322/ |
| 910 | _aPremium Collection: 2019 | ||
| 942 | _cRAA | ||
| 999 |
_c248917 _d248917 |
||